000 00475nam a2200181Ia 4500
003 GCL
008 140319s9999 xx 000 0 eng d
040 _aGCL /
_cGCL
082 0 4 _a004.6
_bW L
100 1 _aWIARD, A.
245 1 0 _aLES RESEAUX LOCAUX FACILES /
_cWIARD, A.
700 1 _aLEDUC, J. M.
260 _a[S.N] :
_bMARABOUT UNIVERSITE ،
_c1991
490 _aMARABOUT
_v0
650 0 4 _aCOMPUTER COMMUNICATIONS
650 0 4 _aCOMPUTER - NETWORKS
942 _2ddc
_cBK
999 _c22719
_d22719